Top 10 Sunflower Seed Producing Countries - Statistics

General Stats
  • This quiz has been taken 46 times
    34 since last reset
  • The average score is 6 of 10
Answer Stats
Hint Answer % Correct
4 China
97%
2 Russia
87%
10 France
77%
1 Ukraine
77%
6 Turkey
74%
3 Argentina
68%
5 Romania
42%
8 Bulgaria
39%
7 Hungary
35%
9 Tanzania
6%
No matching quizzes found
Score Distribution
Percent of People with Each Score
Percentile by Number Answered
Your Score History
You have not taken this quiz since the last reset